000 00319nam a22001337a 4500
020 _a9780521706100
082 _a572.80285 XIO
100 _aJin Xiong
245 _aEssential bioinformatics
260 _aNew Delhi
_bCambridge University Press
_c2006
300 _a339p.
_bill.;
650 _aBioinformatics
942 _cBK
999 _c13556
_d13556